| 000 | 00789nam a22002777a 4500 | ||
|---|---|---|---|
| 003 | BUBTL | ||
| 008 | 130422b xxu||||| |||| 00| 0 eng d | ||
| 024 | _cavailable | ||
| 082 |
_222 _a657.044/ Sm511i/ 1984 _b |
||
| 100 |
_aSmith, Jay M _95646 |
||
| 110 |
_aSkousen, K Fred _95647 |
||
| 245 | _aIntermediate Accounting /Comprehensive Volume | ||
| 250 | _a8th edition | ||
| 260 |
_aHong Kong _bFederal Publication Ltd. _cc1984 |
||
| 270 |
_aHong Kong _bHong Kong _dHong Kong |
||
| 300 |
_a21 cm _b1064 page _f5 _g24cm |
||
| 365 |
_b660.00 _d660.00 |
||
| 500 | _aIncludes Index . | ||
| 600 | _aAccounting | ||
| 650 | _2Accounting | ||
| 700 |
_aSmith, Jay M _95646 |
||
| 710 |
_aSkousen, K Fred _95647 |
||
| 856 |
_k0 _l0 _yDownload |
||
| 942 |
_2ddc _cBK |
||
| 999 |
_c180 _d180 |
||